|
|
|
|
| LEADER |
01261nam a2200289 a 4500 |
| 001 |
000689470 |
| 003 |
CZ BrMZK |
| 005 |
20131206081539.0 |
| 007 |
ta |
| 008 |
030926s1966 xr f cze d |
| 015 |
|
|
|a cnb000489811
|
| 035 |
|
|
|a (OCoLC)42092461
|
| 040 |
|
|
|a BOA001
|b cze
|c BOA001
|
| 100 |
1 |
|
|a Fukač, František
|7 jk01032150
|4 aut
|
| 245 |
1 |
0 |
|a Technologie tkalcovství pro 1. ročník odborných učilišť a učňovských škol :
|b učební obory: tkadlec - 1006 a seřizovač textilních strojů - 1019 /
|c František Fukač
|
| 250 |
|
|
|a 1. vyd.
|
| 260 |
|
|
|a Praha :
|b Státní pedagogické nakladatelství,
|c 1966
|
| 300 |
|
|
|a 150 s.
|
| 490 |
1 |
|
|a Učebnice odborných učilišť a učňovských škol
|
| 830 |
|
0 |
|a Učebnice odborných učilišť a učňovských škol
|0 s
|
| 910 |
|
|
|a BOA001
|b PK-0043.128
|b TK-0133.579
|b 2-0558.046
|
| 920 |
|
|
|a 000652180
|
| 964 |
|
|
|a Tkalcovství - technologie - učebnice - školy učňovské
|
| 990 |
|
|
|a BK
|
| 996 |
7 |
|
|b 2619026741
|c 2-0558.046
|l HP2
|r DEN
|n 0
|w 000689470
|u 000030
|a 1
|e BOA001
|j MZK50
|s A
|
| 996 |
6 |
|
|b BC-112914
|c PK-0043.128
|l MZK
|r Sklad / do 1 hodiny
|n 0
|w 000689470
|u 000010
|a 1
|e BOA001
|j MZK50
|s P
|
| 996 |
6 |
|
|b BC-76914
|c TK-0133.579
|l MZK
|r Sklad / do 24 hodin
|n 0
|w 000689470
|u 000020
|a 1
|e BOA001
|j MZK50
|s P
|